A study on requesting public service via electronic system in the land sector in doungkor district, cambodia, សិក្សាពីការស្នើរសុំសេវាសាធារណៈតាមប្រព័ន្ធអេឡិចត្រូនិចលើវិស័យសុរិយោដី ស្ថិតនៅខណ្ឌដង្កោ រាជធានីភ្នំពេញ (Record no. 25754)
[ view plain ]
| 000 -LEADER | |
|---|---|
| fixed length control field | 00667nam a22001217a 4500 |
| 040 ## - CATALOGING SOURCE | |
| Transcribing agency | RUA |
| 082 ## - DEWEY DECIMAL CLASSIFICATION NUMBER | |
| Classification number | LMA |
| 100 ## - MAIN ENTRY--AUTHOR NAME | |
| Personal name | KIM SOKLY, គឹម សុខលី |
| 245 ## - TITLE STATEMENT | |
| Title | A study on requesting public service via electronic system in the land sector in doungkor district, cambodia, សិក្សាពីការស្នើរសុំសេវាសាធារណៈតាមប្រព័ន្ធអេឡិចត្រូនិចលើវិស័យសុរិយោដី ស្ថិតនៅខណ្ឌដង្កោ រាជធានីភ្នំពេញ |
| 260 ## - PUBLICATION, DISTRIBUTION, ETC. (IMPRINT) | |
| Place of publication | PHNOM PENH |
| Name of publisher | RUA |
| Year of publication | 2025 |
| 300 ## - PHYSICAL DESCRIPTION | |
| Number of Pages | xi,51p. |
| Other physical details | ill. |
| Dimensions | 29cm. |
| 942 ## - ADDED ENTRY ELEMENTS (KOHA) | |
| Koha item type | LMA |
| 952 ## - LOCATION AND ITEM INFORMATION (KOHA) | |
| Withdrawn status [LOCAL, KOHA] | 0 |
| 952 ## - LOCATION AND ITEM INFORMATION (KOHA) | |
| Withdrawn status [LOCAL, KOHA] | 0 |
| Koha item type | Shelving location | Lost status | Permanent Location | Current Location | Date acquired | Full call number |
|---|---|---|---|---|---|---|
| LMA | B701 | Library Block B | Library Block B | 2026-05-13 | LMA | |
| LMA | B701 | Library Block B | Library Block B | 2026-05-13 | LMA |